00635nam a2200241Ia 4500008004100000020001800041050001600059050001400075100002100089245003600110245003200146245002100178260001700199260002100216260000900237300001600246300002000262300001100282500002000293650001300313650004200326650002500368160319s9999 xx 000 0 und d a971-584-377-8 aFIL RT 81.5 b.V46 2004 aVenzon, Lydia M. aIntroduction nursing research : bquest for quality nursing / cLydia M. Venzon. aQuezon City: bC & E Pub. Inc., c2004 a187 pages : billustrations ; c22 cm. aIncludes index. aNursing. aNursiong -- Research -- Methodology.  xNursing -- Research.